000 00390nam a2200145Ia 4500
008 231217s9999 xx 000 0 und d
041 _aEnglish
082 _a001.6424BOR PAR
100 _aParikh, Riku Jalan, Anup Desai, Soham
245 0 _aBorland C++ under Windows test (Vijay Mukhi's)
260 _c1993
_bNew Delhi : BPB,
300 _a223
650 _aBorland C++
942 _cAA
999 _c162709
_d162709